00570 2200217 4500001002100000005001500021008004100036020001800077035001900095041000700114082001100121090001700132100001700149700001600166700001900182245002900201260003500230300003100265500001100296650004500307INLIS00000000000352120241224112735241224||||||||| | ||| |||| || |  a979-489-266-1 0010-1224003521 aid0 a635.65 a635.65 HAR b0 aEko Haryanto0 aEstu Rahayu0 aTina Suhartini00aBudi Daya Kacang Panjang aJakartabPenebar Swadayac2003 avi, 69 hlm.: ilus,; 20 cm. aCet. 8 0aIlmu Keterampilan -- Bisnis -- Budi Daya